| 000 | 00503nam a22001817a 4500 | ||
|---|---|---|---|
| 005 | 20230118104317.0 | ||
| 008 | 170916b xxu||||| |||| 00| 0 eng d | ||
| 020 | _a978-81-317-9354--1 | ||
| 041 | _aeng | ||
| 082 | _a543.1 | ||
| 100 |
_aSVEHLA, G. AND MITTAL, SHISHIR _93920 |
||
| 245 |
_aVOGEL'S QUANTATIVE IN ORGANIC ANALYSIS FOR THE JEE _cG. SVEHLA, AND SHISHIR MITTAL |
||
| 250 | _a7th | ||
| 260 |
_aDELHI _bPEARSON _c2014 |
||
| 300 | _a350p. | ||
| 650 |
_aPHARMACY _xD.PHARMA _97090 |
||
| 942 | _cBK | ||
| 999 |
_c5562 _d5560 |
||